Spelling : (Record no. 54755)

MARC details
000 -CABECERA
campo de control de longitud fija 00612nam a2200205 a 4500
005 - FECHA Y HORA DE LA ÚLTIMA TRANSACCIÓN
campo de control 20240614063717.0
008 - ELEMENTOS DE LONGITUD FIJA--INFORMACIÓN GENERAL
campo de control de longitud fija 991125s1965 bos 000 0 eng u
035 ## - NÚMERO DE CONTROL DEL SISTEMA
Número de control de sistema UPN01000054755
049 ## - COLECCIÓN
Colección CG
050 #4 - SIGNATURA TOPOGRÁFICA DE LA BIBLIOTECA DEL CONGRESO
Número de clasificación PE1119 H6.8
100 1# - ASIENTO PRINCIPAL--NOMBRE PERSONAL
Nombre de persona Horrocks, Edna M.
245 10 - MENCIÓN DE TÍTULO
Título Spelling :
Resto del título grade two /
Mención de responsabilidad, etc. Edna M. Horrocks, Edith M. Evans, Ralph C. Staiger
260 ## - PUBLICACIÓN, DISTRIBUCIÓN, ETC.
Lugar de publicación, distribución, etc. Boston (EE.UU) :
Nombre del editor, distribuidor, etc. Ginn,
Fecha de publicación, distribución, etc. 1965
300 ## - DESCRIPCIÓN FÍSICA
Extensión 127 p. :
Otras características físicas il. col.
650 #4 - ASIENTO SECUNDARIO DE MATERIA - TERMINO TEMATICO
Término de materia o nombre geográfico como elemento de entrada Inglés
Subdivisión general Estudio y enseñanza
9 (RLIN) 18
700 2# - ASIENTO SECUNDARIO--NOMBRE DE PERSONAL
Nombre de persona Evans, Edith M.,
Término indicativo de función/relación coaut.
700 1# - ASIENTO SECUNDARIO--NOMBRE DE PERSONAL
Nombre de persona Staiger, Ralph C.,
Término indicativo de función/relación coaut.
9 (RLIN) 30044
904 ## - ELEMENTOS DE DATOS D LOCAL, LDD (RLIN)
a AC
b 054758
905 ## - TIPO DE MATERIAL
Tipo de material Libro
Holdings
Estado de retiro Estado de pérdida Fuente del sistema de clasificación o colocación Estado dañado No para préstamo Código de colección Localización permanente Ubicación/localización actual Ubicación en estantería Enumeración/cronología de publicación seriada Total de préstamos Clasificación Código de barras Fecha visto por última vez Número de copia Tipo de ítem Koha
    Library of Congress Classification     Colección General Bib. Gregorio Torres Quintero Bib. Gregorio Torres Quintero Planta baja - 1 PE1119 H6.8 4132 31/12/2020 1 Libro